Licence v československém národním hospodářství

Na minha lista:
Detalhes bibliográficos
Formato: Livro
Idioma:tcheco
Publicado em: Praha Dům techn. ČSVTS 1987
Edição:1. vyd.
Tags: Adicionar Tag
Sem tags, seja o primeiro a adicionar uma tag!

MARC

LEADER 00000nam a2200000 4500
001 c026792
005 20221219102905.8
041 0 |a cze 
044 |a CZ 
245 1 0 |a Licence v československém národním hospodářství 
250 |a 1. vyd. 
264 1 |a Praha  |b Dům techn. ČSVTS  |c 1987 
300 |a 98 s.